| 000 | 00685cab a2200229 4500 | ||
|---|---|---|---|
| 001 | WB3432-07 | ||
| 008 | 090401t1998 xxu||||| |||| 00| 0 eng d | ||
| 035 | _a(Sirsi) u88052 | ||
| 041 | _aeng | ||
| 245 | _aNatWest Tower | ||
| 260 | _c1998 | ||
| 350 | _a0 | ||
| 490 |
_aSunday Business _v16 August 1998, 9(2) |
||
| 520 | _aGreycoat has completed a deal to buy the NatWest Tower for £226m. The company has plans to rename the building and regenerate the two-acre site surrounding it. | ||
| 650 | _aBISHOPSGATE | ||
| 650 | _aCITY OF LONDON | ||
| 650 | _aGREYCOAT | ||
| 650 | _aNATWEST TOWER | ||
| 690 | _aPROPERTY-COMMERCIAL PROPERTY | ||
| 942 | _n0 | ||
| 948 | _c19/08/1998 | ||
| 999 |
_c55604 _d55604 |
||